000
00318nam a22001337a 4500
008
181023b xxu||||| |||| 00| 0 eng d
020
_a
9780195337808
041
_a
eng
080
_a
371
100
_a
46
101
_a
EDU
245
_a
What's Wrong? Applied Ethicists and their Critics
_c
Boonin, D
942
_2
udc
_c
BK
999
_c
50635
_d
50635